| 000 | 00810nam a2200169 i 4500 | ||
|---|---|---|---|
| 001 | 84815 | ||
| 003 | ES-MaACL | ||
| 005 | 20230906175120.0 | ||
| 007 | t| | ||
| 008 | 041124s1983 sp ||||1| spa d | ||
| 111 | 2 |
_aJornadas de Arqueología en la Ciudades Actuales ( _n1ª. _d1983. _cZaragoza) _9780 |
|
| 245 | 1 | 0 |
_aPrimeras Jornadas de Arqueología en las Ciudades Actuales _b: Zaragoza, 14, 15 y 16 de enero de 1983 / _corganizada por la Delegación de Patrimonio Histórico-Artístico del Excmo. Ayuntamiento de Zaragoza. |
| 260 |
_aZaragoza : _bAyuntamiento de Zaragoza, Delegación de Patrimonio Histórico Artístico, _c1983. |
||
| 300 |
_a192 p. : _bil. ; _c27 cm. |
||
| 710 | 1 |
_aZaragoza. _bAyuntamiento. _bDelegación de Patrimonio Histórico Artístico. _97584 |
|
| 852 |
_aES-MaACL _jL-5457 _bR.105511 |
||
| 999 |
_c84815 _d84815 |
||